00753nam a2200217Ii 450000100060000000300090000600800410001504000330005604100080008908200120009710000270010924500320013626400660016830000120023433600260024633700280027233800270030094000510032799900170037895201400039510200CO-ViMGA241108s9999||||xx |||||||||||||| ||und|| aCO-ViMGAbspaerdacCO-ViMGA0 aunk04a863-E771 aVicente Espinel95720310aVida de Marcos de Obregón 1a[Lugar de publicación no identificado] : Espasa Calpe, 1951 avolumen atextbtxt2rdacontent aunmediatedbn2rdamedia avolumebnc2rdacarrier aidficha_siabuc: 9971. -- ficha_no_siabuc:10200 c55518d55518 001040708001aMEVIGERRbMEVIGERRcGENd2006-11-27hVol.1o863-E77pECA10782r2024-11-26 10:51:32tEj.1w2024-11-26yBKz9971 | 13518